Интервью у кромки поля

Մատենագիտական մանրամասներ
Հիմնական հեղինակ: Ульянов В. А. Владимир Алексеевич
Այլ հեղինակներ: Лукашин Ю. С. Юрий Савельевич
Ամփոփում:Исключено из фонда НТБ ТПУ
Լեզու:ռուսերեն
Հրապարակվել է: Москва, Физкультура и спорт, 1983
Ձևաչափ: MixedMaterials Գիրք
KOHA link:https://koha.lib.tpu.ru/cgi-bin/koha/opac-detail.pl?biblionumber=125799

MARC

LEADER 00000nam0a2200000 4500
001 125799
005 20231031131510.0
020 |a RU  |b 83-86722 
035 |a (RuTPU)RU\TPU\book\136112 
090 |a 125799 
100 |a 20071121d1983 m a0rusy5003 ca 
101 0 |a rus 
102 |a RU 
105 |a y z 000zy 
200 1 |a Интервью у кромки поля  |f В. Ульянов, Ю. Лукашин 
210 |a Москва  |c Физкультура и спорт  |d 1983 
215 |a 136 с. 
333 |a Исключено из фонда НТБ ТПУ 
700 1 |a Ульянов  |b В. А.  |g Владимир Алексеевич 
701 1 |a Лукашин  |b Ю. С.  |g Юрий Савельевич 
801 0 |a RU  |b RuMRKP  |c 19950704  |g psbo 
801 1 |a RU  |b 63413507  |c 20071121  |g PSBO 
801 2 |a RU  |b 63413507  |c 20220602  |g PSBO 
942 |c BK